№ 231: Гидромашины: [сборник]; Труды Ленинградского политехнического института имени М. И. Калинина

Bibliographische Detailangaben
Parent link:Труды Ленинградского политехнического института имени М. И. Калинина: [сборник]/ Ленинградский политехнический институт им. М. И. Калинина (ЛПИ). № 231: Гидромашины.— , 1941-
Weitere Verfasser: Смирнов В. С. (редактор)
Sprache:Russisch
Englisch
Veröffentlicht: Ленинград, Машиностроение, 1964
Schlagworte:
Format: Buch
KOHA link:https://koha.lib.tpu.ru/cgi-bin/koha/opac-detail.pl?biblionumber=353226

MARC

LEADER 00000nam2a2200000 4500
001 353226
005 20231102010555.0
035 |a (RuTPU)RU\TPU\retro\10342 
035 |a RU\TPU\retro\10326 
090 |a 353226 
100 |a 20200318d1964 k y0rusy50 ca 
101 0 |a rus  |a eng 
102 |a RU 
200 0 |a № 231: Гидромашины  |e [сборник]  |f под ред. В. С. Смирнова 
210 |a Ленинград  |a Москва  |c Машиностроение  |d 1964 
215 |a 101 стр. 
461 1 |0 (RuTPU)RU\TPU\retro\9721  |t Труды Ленинградского политехнического института имени М. И. Калинина  |o [сборник]  |f Ленинградский политехнический институт им. М. И. Калинина (ЛПИ)  |v № 231: Гидромашины  |d 1941-  
517 1 |a Transactions of the Leningrad Industrial Institute 
606 1 |a Гидромашины  |2 stltpush  |3 (RuTPU)RU\TPU\subj\6733  |9 34542 
610 1 |a гидротурбины 
610 1 |a удельная энергия 
610 1 |a измерения 
610 1 |a кавитация 
610 1 |a давления 
610 1 |a обратимые гидроагрегаты 
610 1 |a осевые насосы 
610 1 |a погружные электронасосы 
610 1 |a проектирование 
610 1 |a расчет 
610 1 |a осевые силы 
610 1 |a гидроприводы 
610 1 |a гидротрансформаторы 
702 1 |a Смирнов  |b В. С.  |4 340 
801 1 |a RU  |b 63413507  |c 20160623 
801 2 |a RU  |b 63413507  |c 20200208  |g RCR 
801 2 |a RU  |b 63413507  |c 20200327  |g RCR 
942 |c BK